[Event "ISL-chT 1617"]
[Site "Reykjavik"]
[Date "2017.03.02"]
[Round "6.2"]
[White "Steindorsson, Sigurdur Pall"]
[Black "Gunnarsson, Gunnar K"]
[Result "1-0"]
[WhiteElo "2230"]
[BlackElo "2150"]
[PlyCount "57"]
[EventDate "2016.09.29"]
[EventType "team-tourn"]
[EventRounds "9"]
[EventCountry "ISL"]
[SourceTitle "EXT 2018"]
[Source "ChessBase"]
[SourceDate "2017.10.13"]
[SourceVersion "1"]
[SourceVersionDate "2017.10.13"]
[SourceQuality "1"]
[WhiteTeam "Reykjavik"]
[BlackTeam "KR CC"]
[WhiteTeamCountry "ISL"]
[BlackTeamCountry "ISL"]

1. c4 c5 2. g3 g6 3. Bg2 Bg7 4. Nc3 Nc6 5. Nf3 Nf6 6. 0-0 0-0 7. d4 cxd4 8. Nxd4 Nxd4 9. Qxd4 d6 10. Bg5 h6 11. Bd2 Ng4 12. Qf4 Ne5 13. b3 g5 14. Qe4 f5 15. Qc2 f4 16. Qe4 f3 17. exf3 Bd7 18. f4 Bc6 19. Qe2 Bxg2 20. Kxg2 gxf4 21. Bxf4 Ng6 22. Bd2 Qd7 23. Rae1 Rae8 24. Qe4 Rf5 25. Nd5 e5 26. f4 Ref8 27. fxe5 Nxe5 28. Rxf5 Rxf5 29. Qxf5 1-0

[Event "Reykjavik WOW Air op-A"]
[Site "Reykjavik"]
[Date "2014.05.19"]
[Round "7"]
[White "Steindorsson, Sigurdur Pall"]
[Black "Kjartansson, Gudmundur"]
[Result "0-1"]
[WhiteElo "2215"]
[BlackElo "2441"]
[PlyCount "50"]
[EventDate "2014.03.31"]
[EventType "swiss"]
[EventRounds "7"]
[EventCountry "ISL"]
[SourceTitle "EXT 2015"]
[Source "ChessBase"]
[SourceDate "2014.11.20"]
[SourceVersion "1"]
[SourceVersionDate "2014.11.20"]
[SourceQuality "1"]

1. c4 c6 2. e4 d5 3. exd5 cxd5 4. cxd5 Nf6 5. Bb5+ Nbd7 6. Nc3 g6 7. Nf3 Bg7 8. d4 0-0 9. Bf4 Nb6 10. 0-0 a6 11. Ba4 Nxa4 12. Nxa4 Nxd5 13. Be5 Bh6 14. Re1 b6 15. h3 Bf5 16. Nd2 Rc8 17. Ne4 Rc4 18. Nac3 Nxc3 19. Nxc3 b5 20. a4 b4 21. Qb3 bxc3 22. Qxc4 cxb2 23. Rab1 Qa5 24. Bc7 Qd2 25. Re2 Qc1+ 0-1

[Event "Reykjavik WOW Air op-A"]
[Site "Reykjavik"]
[Date "2014.04.07"]
[Round "2"]
[White "Arngrimsson, Dagur"]
[Black "Steindorsson, Sigurdur Pall"]
[Result "1/2-1/2"]
[WhiteElo "2382"]
[BlackElo "2215"]
[PlyCount "89"]
[EventDate "2014.03.31"]
[EventType "swiss"]
[EventRounds "7"]
[EventCountry "ISL"]
[SourceTitle "EXT 2015"]
[Source "ChessBase"]
[SourceDate "2014.11.20"]
[SourceVersion "1"]
[SourceVersionDate "2014.11.20"]
[SourceQuality "1"]

1. e4 d5 2. exd5 Qxd5 3. Nc3 Qd6 4. d4 Nf6 5. Nf3 g6 6. g3 Bg7 7. Bg2 Qa6 8. Bf4 c6 9. h3 0-0 10. Ne5 Be6 11. Qd3 Rd8 12. 0-0-0 Qa5 13. Bd2 Nbd7 14. Qe2 Qc7 15. f4 Nb6 16. Be1 Nfd7 17. Bf2 Nd5 18. Ne4 h6 19. Nd3 Bf5 20. g4 Bxe4 21. Qxe4 Qa5 22. a3 Qa4 23. Ne5 Nxe5 24. fxe5 e6 25. h4 b5 26. c3 a5 27. Qc2 Qxc2+ 28. Kxc2 Rac8 29. Be4 Nb6 30. Rhe1 Bf8 31. Be3 Kg7 32. Bd3 Be7 33. h5 g5 34. Bc1 b4 35. Ba6 Rb8 36. Rf1 c5 37. dxc5 Bxc5 38. Rd3 Rxd3 39. Bxd3 bxa3 40. bxa3 Nd5 41. Rf3 Bg1 42. Bd2 Bh2 43. c4 Ne7 44. Bxa5 Bxe5 45. Bc3 1/2-1/2

[Event "Reykjavik op"]
[Site "Reykjavik"]
[Date "2014.03.11"]
[Round "9"]
[White "Steindorsson, Sigurdur Pall"]
[Black "Gledura, Benjamin"]
[Result "0-1"]
[WhiteElo "2215"]
[BlackElo "2385"]
[PlyCount "62"]
[EventDate "2014.03.04"]
[EventType "swiss"]
[EventRounds "10"]
[EventCountry "ISL"]
[SourceTitle "CBM 159 Extra"]
[Source "ChessBase"]
[SourceDate "2014.04.24"]
[SourceVersion "1"]
[SourceVersionDate "2014.04.24"]
[SourceQuality "1"]

1. c4 g6 2. Nc3 c5 3. g3 Nc6 4. Bg2 Bg7 5. e3 h5 6. Nf3 d6 7. h3 e5 8. d3 Nge7 9. Rb1 0-0 10. 0-0 f6 11. a3 Be6 12. b4 b6 13. Nh4 g5 14. Ng6 Nxg6 15. Bxc6 g4 16. Bxa8 Qxa8 17. hxg4 Bxg4 18. f3 Be6 19. Kf2 f5 20. Rh1 f4 21. Rxh5 fxe3+ 22. Kxe3 Ne7 23. g4 Nc6 24. Ne4 Nd4 25. Rh3 Rf4 26. Qh1 Qf8 27. Bb2 Rxe4+ 28. dxe4 Qf4+ 29. Kd3 Bxc4+ 30. Kc3 Qe3+ 31. Kxc4 Qb3# 0-1

[Event "Reykjavik op"]
[Site "Reykjavik"]
[Date "2014.03.08"]
[Round "6"]
[White "Karavade, Eesha"]
[Black "Steindorsson, Sigurdur Pall"]
[Result "1-0"]
[WhiteElo "2408"]
[BlackElo "2215"]
[PlyCount "77"]
[EventDate "2014.03.04"]
[EventType "swiss"]
[EventRounds "10"]
[EventCountry "ISL"]
[SourceTitle "CBM 159 Extra"]
[Source "ChessBase"]
[SourceDate "2014.04.24"]
[SourceVersion "1"]
[SourceVersionDate "2014.04.24"]
[SourceQuality "1"]

1. d4 Nf6 2. c4 e6 3. Nf3 b6 4. g3 Ba6 5. Nbd2 Bb4 6. Qc2 Bb7 7. Bg2 Be4 8. Qd1 c5 9. dxc5 bxc5 10. 0-0 Bxd2 11. Bxd2 d5 12. cxd5 exd5 13. Rc1 Nbd7 14. Bh3 0-0 15. Nh4 d4 16. b4 Qb6 17. bxc5 Nxc5 18. Bg5 Nb7 19. f3 d3+ 20. Kg2 Qb5 21. Qd2 dxe2 22. Rfe1 Rfd8 23. Qf4 Nh5 24. Qxe4 Qxg5 25. f4 Nd6 26. Qxh7+ Kxh7 27. fxg5 Re8 28. Bg4 g6 29. Rxe2 Rxe2+ 30. Bxe2 Ng7 31. Rd1 Re8 32. Bd3 Ne4 33. Nf3 Nc3 34. Rd2 Ne6 35. Bc4 Re7 36. h4 Nc5 37. Nh2 Kg7 38. Ng4 Re4 39. Nf6 1-0

[Event "ISL-ch op"]
[Site "Reykjavik"]
[Date "2013.06.04"]
[Round "5"]
[White "Steindorsson, Sigurdur Pall"]
[Black "Steingrimsson, Hedinn"]
[Result "0-1"]
[WhiteElo "2234"]
[BlackElo "2558"]
[PlyCount "34"]
[EventDate "2013.05.31"]
[EventType "swiss"]
[EventRounds "10"]
[EventCountry "ISL"]
[SourceTitle "CBM 154 Extra"]
[Source "ChessBase"]
[SourceDate "2013.06.25"]
[SourceVersion "2"]
[SourceVersionDate "2013.06.25"]
[SourceQuality "1"]

1. c4 Nf6 2. Nc3 e5 3. g3 Bb4 4. Bg2 0-0 5. e4 Bxc3 6. bxc3 c6 7. d3 d5 8. cxd5 cxd5 9. Bg5 dxe4 10. Bxe4 Nbd7 11. Ne2 Nc5 12. Qc2 h6 13. Bxf6 Qxf6 14. d4 exd4 15. cxd4 Nxe4 16. Qxe4 Bh3 17. Qh4 Qf3 0-1

[Event "Reykjavik op"]
[Site "Reykjavik"]
[Date "2013.02.27"]
[Round "10"]
[White "Steindorsson, Sigurdur Pall"]
[Black "Andreasen, Jakup a Rogvi"]
[Result "1-0"]
[WhiteElo "2235"]
[BlackElo "1992"]
[PlyCount "147"]
[EventDate "2013.02.19"]
[EventType "swiss"]
[EventRounds "10"]
[EventCountry "ISL"]
[SourceTitle "CBM 153 Extra"]
[Source "ChessBase"]
[SourceDate "2013.04.22"]
[SourceVersion "1"]
[SourceVersionDate "2013.04.22"]
[SourceQuality "1"]

1. c4 Nf6 2. Nc3 c5 3. g3 Nc6 4. Bg2 e5 5. Nf3 g6 6. 0-0 Bg7 7. e3 0-0 8. d4 d6 9. dxe5 dxe5 10. Nd5 Nxd5 11. cxd5 Ne7 12. e4 b6 13. b4 cxb4 14. a3 bxa3 15. Bxa3 Bg4 16. Qb3 Qd7 17. h3 Bxf3 18. Bxf3 Rfd8 19. Bg4 Qb7 20. Rac1 h5 21. Be2 Rac8 22. d6 Nc6 23. Qd5 Na5 24. Qxb7 Nxb7 25. Rc7 Rb8 26. Rd1 Bf8 27. Bc4 Bxd6 28. Bxf7+ Kf8 29. Bxd6+ Rxd6 30. Bd5 Nc5 31. f4 exf4 32. Rf7+ Ke8 33. Rxf4 Rbd8 34. Rdf1 Nd7 35. Rf7 a5 36. Bc4 Rc8 37. e5 Nxe5 38. Rf8+ Kd7 39. Bb5+ Kc7 40. Rc1+ Nc6 41. Rxc6+ Rxc6 42. Rxc8+ Kxc8 43. Bxc6 h4 44. g4 g5 45. Kf2 Kc7 46. Be8 Kd6 47. Ke3 Ke5 48. Ba4 Kd5 49. Bb3+ Ke5 50. Bc4 a4 51. Bb5 a3 52. Bc4 b5 53. Bb3 Kd6 54. Kd4 Kc6 55. Ba2 Kd6 56. Bd5 b4 57. Bb3 Kc6 58. Bc4 Kb6 59. Ba2 Kc6 60. Bb3 Kd6 61. Bd5 Kc7 62. Kc5 Kd7 63. Bb3 Kc7 64. Be6 Kb7 65. Kxb4 Kc6 66. Kxa3 Kd6 67. Bc8 Ke5 68. Kb4 Kf4 69. Kc4 Kg3 70. Kd4 Kxh3 71. Ke5 Kg3 72. Kf5 h3 73. Kxg5 h2 74. Bb7 1-0

[Event "Reykjavik op"]
[Site "Reykjavik"]
[Date "2013.02.22"]
[Round "5"]
[White "Steindorsson, Sigurdur Pall"]
[Black "Hagen, Andreas Skytte"]
[Result "0-1"]
[WhiteElo "2235"]
[BlackElo "2411"]
[PlyCount "85"]
[EventDate "2013.02.19"]
[EventType "swiss"]
[EventRounds "10"]
[EventCountry "ISL"]
[SourceTitle "CBM 153 Extra"]
[Source "ChessBase"]
[SourceDate "2013.04.22"]
[SourceVersion "1"]
[SourceVersionDate "2013.04.22"]
[SourceQuality "1"]

1. c4 Nf6 2. Nc3 g6 3. g3 Bg7 4. Bg2 0-0 5. Nf3 d6 6. d4 Nbd7 7. 0-0 e5 8. dxe5 dxe5 9. Bg5 h6 10. Bxf6 Qxf6 11. Qc2 Qe7 12. Nh4 c6 13. Rad1 Nf6 14. Rd2 Re8 15. e4 Nh7 16. h3 Be6 17. b3 Rad8 18. Rfd1 Nf8 19. Kh2 Bc8 20. Rxd8 Rxd8 21. Rxd8 Qxd8 22. Qd1 Qa5 23. Na4 Qc7 24. Qd2 Ne6 25. Nf3 Bf8 26. Qc3 f6 27. Qd2 Qd7 28. Qxd7 Bxd7 29. h4 Nc5 30. Nxc5 Bxc5 31. Kg1 Kf7 32. Ne1 Ke7 33. Kf1 a5 34. Nc2 Kd6 35. Ke2 Be6 36. f4 a4 37. Ne3 Bxe3 38. Kxe3 axb3 39. axb3 Kc5 40. Kd3 Kb4 41. Kc2 b5 42. f5 gxf5 43. exf5 0-1

[Event "Reykjavik op"]
[Site "Reykjavik"]
[Date "2013.02.21"]
[Round "4"]
[White "Gunnarsson, Sigurdur Jon"]
[Black "Steindorsson, Sigurdur Pall"]
[Result "0-1"]
[WhiteElo "2000"]
[BlackElo "2235"]
[PlyCount "74"]
[EventDate "2013.02.19"]
[EventType "swiss"]
[EventRounds "10"]
[EventCountry "ISL"]
[SourceTitle "CBM 153 Extra"]
[Source "ChessBase"]
[SourceDate "2013.04.22"]
[SourceVersion "1"]
[SourceVersionDate "2013.04.22"]
[SourceQuality "1"]

1. e4 d5 2. exd5 Qxd5 3. d4 e5 4. dxe5 Qxd1+ 5. Kxd1 Nc6 6. f4 Bf5 7. c3 0-0-0+ 8. Ke1 Nh6 9. Be2 Bc5 10. h3 Be4 11. b4 Bb6 12. Nf3 Nf5 13. g4 Ne3 14. Na3 Ng2+ 15. Kf1 Nh4 16. Nxh4 Bxh1 17. Nc4 Ne7 18. Nxb6+ axb6 19. Ng2 Nd5 20. Kg1 Nxc3 21. Bf3 Rd3 22. Kf2 Rhd8 23. Ne1 Bxf3 24. Nxf3 Rd1 25. f5 Rh1 26. Bb2 Rxa1 27. Bxa1 Nxa2 28. Ng5 Rd7 29. Nxh7 Nxb4 30. Nf8 Rd8 31. e6 f6 32. g5 Rxf8 33. gxf6 gxf6 34. e7 Re8 35. Bxf6 Nd5 36. Bg5 Nxe7 37. f6 Nd5 0-1

[Event "ISL-ch"]
[Site "Reykjavik"]
[Date "2005.08.14"]
[Round "4"]
[White "Steindorsson, Sigurdur Pall"]
[Black "Johannesson, Ingvar Thor"]
[Result "0-1"]
[WhiteElo "2241"]
[BlackElo "2291"]
[PlyCount "74"]
[EventDate "2005.08.11"]
[EventType "tourn"]
[EventRounds "11"]
[EventCountry "ISL"]
[EventCategory "3"]
[SourceTitle "CBM 107 Extra"]
[Source "ChessBase"]
[SourceDate "2005.09.01"]
[SourceVersion "1"]
[SourceVersionDate "2005.09.01"]
[SourceQuality "1"]

1. c4 e5 2. Nc3 Nf6 3. g3 Bb4 4. Bg2 Bxc3 5. bxc3 0-0 6. e4 c6 7. Ne2 d5 8. cxd5 cxd5 9. exd5 Nxd5 10. 0-0 Nc6 11. Qc2 Bg4 12. Re1 Rc8 13. Qa4 Be6 14. Rb1 Nb6 15. Qc2 Qd7 16. Ba3 Rfd8 17. Bc5 Nc4 18. d3 Bf5 19. Nc1 b6 20. Be4 Bxe4 21. Rxe4 N4a5 22. Bb4 f5 23. Re1 Nb7 24. a4 Kh8 25. Qe2 Re8 26. Na2 Rcd8 27. Qf3 Rc8 28. Ba3 Nbd8 29. Rb5 Qf7 30. Qd5 Ne6 31. Nb4 Nxb4 32. Bxb4 Qh5 33. Bd6 Ng5 34. Re3 Rxc3 35. h4 Rc1+ 36. Kh2 e4 37. Qxf5 Qd1 0-1

[Event "ISL-ch"]
[Site "Reykjavik"]
[Date "2005.08.13"]
[Round "3"]
[White "Thorsteinsson, Thorsteinn"]
[Black "Steindorsson, Sigurdur Pall"]
[Result "1/2-1/2"]
[WhiteElo "2277"]
[BlackElo "2241"]
[PlyCount "94"]
[EventDate "2005.08.11"]
[EventType "tourn"]
[EventRounds "11"]
[EventCountry "ISL"]
[EventCategory "3"]
[SourceTitle "CBM 107 Extra"]
[Source "ChessBase"]
[SourceDate "2005.09.01"]
[SourceVersion "1"]
[SourceVersionDate "2005.09.01"]
[SourceQuality "1"]

1. d4 Nf6 2. c4 e6 3. Nf3 b6 4. g3 Bb7 5. Bg2 Be7 6. 0-0 0-0 7. Nc3 Ne4 8. Nxe4 Bxe4 9. Ne1 Bxg2 10. Nxg2 d5 11. Qa4 Qd7 12. Qxd7 Nxd7 13. cxd5 exd5 14. Rd1 Rfd8 15. Bf4 Rac8 16. Rac1 c6 17. Bd2 Nf8 18. Nf4 Ne6 19. e3 c5 20. dxc5 Nxf4 21. gxf4 bxc5 22. Ba5 Rd6 23. Bb4 Rdd8 24. Ba3 f5 25. Rc2 Kf7 26. Rdc1 c4 27. Bxe7 Kxe7 28. b3 Rc5 29. bxc4 Rdc8 30. Rd2 dxc4 31. Rc3 Ke6 32. Rd4 R8c6 33. Kg2 Kf6 34. Kg3 h6 35. h4 Kg6 36. Rd7 Ra5 37. a3 a6 38. Kf3 Rb5 39. h5+ Kf6 40. Rc1 g5 41. hxg6 Kxg6 42. Rg1+ Kf6 43. Rgg7 Rb1 44. Rgf7+ Kg6 45. Rg7+ Kf6 46. Rgf7+ Kg6 47. Rg7+ Kf6 1/2-1/2

[Event "ISL-ch"]
[Site "Reykjavik"]
[Date "2005.08.11"]
[Round "1"]
[White "Gunnarsson, Jon Viktor"]
[Black "Steindorsson, Sigurdur Pall"]
[Result "1-0"]
[WhiteElo "2388"]
[BlackElo "2241"]
[PlyCount "95"]
[EventDate "2005.08.11"]
[EventType "tourn"]
[EventRounds "11"]
[EventCountry "ISL"]
[EventCategory "3"]
[SourceTitle "CBM 107 Extra"]
[Source "ChessBase"]
[SourceDate "2005.09.01"]
[SourceVersion "1"]
[SourceVersionDate "2005.09.01"]
[SourceQuality "1"]

1. e4 c5 2. Nf3 e6 3. d4 cxd4 4. Nxd4 a6 5. Nc3 b5 6. Bd3 Bb7 7. 0-0 d6 8. Qe2 Nf6 9. Bd2 Nbd7 10. a4 b4 11. Na2 a5 12. c3 bxc3 13. Nxc3 Be7 14. Ndb5 0-0 15. Bf4 Qb6 16. Rad1 Nc5 17. Bc2 e5 18. Be3 Rfd8 19. Bb3 Bc6 20. Bc4 Qb7 21. f3 Na6 22. Kh1 Nb4 23. Bg5 Ne8 24. Be3 Nf6 25. Bf2 Be8 26. Rd2 Rac8 27. Rfd1 h6 28. b3 Bxb5 29. Nxb5 Ne8 30. Nc3 Nc7 31. Be3 Rd7 32. Qf2 Rcd8 33. Qg3 Kf8 34. f4 Bf6 35. f5 d5 36. exd5 Ncxd5 37. Nxd5 Nxd5 38. Bc5+ Ne7 39. Rxd7 Rxd7 40. Qe1 Kg8 41. Rxd7 Qxd7 42. Qxa5 Nxf5 43. Qa8+ Bd8 44. Qd5 Qxd5 45. Bxd5 Nd4 46. b4 Ne2 47. a5 Nc3 48. a6 1-0

[Event "ISL-chT 0405"]
[Site "Reykjavik"]
[Date "2004.11.20"]
[Round "2"]
[White "Pedersen, Steffen"]
[Black "Steindorsson, Sigurdur Pall"]
[Result "1/2-1/2"]
[WhiteElo "2441"]
[BlackElo "2227"]
[PlyCount "37"]
[EventDate "2004.11.19"]
[EventType "team"]
[EventRounds "7"]
[EventCountry "ISL"]
[SourceTitle "EXT 2006"]
[Source "ChessBase"]
[SourceDate "2005.11.24"]
[SourceVersion "1"]
[SourceVersionDate "2005.11.24"]
[SourceQuality "1"]

1. d4 Nf6 2. c4 e6 3. Nf3 b6 4. a3 Bb7 5. Nc3 d5 6. cxd5 exd5 7. Bg5 Be7 8. Bxf6 Bxf6 9. g3 0-0 10. Bg2 Na6 11. 0-0 c5 12. e3 Nc7 13. Qd2 Qe7 14. Rfe1 Rfd8 15. Rad1 Ne6 16. Qc2 g6 17. Rd2 Bg7 18. Qd1 Rac8 19. h4 1/2-1/2

[Event "Reykjavik op 21st"]
[Site "Reykjavik"]
[Date "2004.03.14"]
[Round "7"]
[White "Steindorsson, Sigurdur Pall"]
[Black "Johnsen, Sylvia"]
[Result "1-0"]
[WhiteElo "2218"]
[BlackElo "2083"]
[PlyCount "83"]
[EventDate "2004.03.07"]
[EventType "swiss"]
[EventRounds "9"]
[EventCountry "ISL"]
[SourceTitle "CBM 099 Extra"]
[Source "ChessBase"]
[SourceDate "2004.05.04"]
[SourceVersion "1"]
[SourceVersionDate "2004.05.04"]
[SourceQuality "1"]

1. c4 c5 2. Nc3 Nf6 3. g3 d5 4. cxd5 Nxd5 5. Bg2 Nc7 6. Nf3 Nc6 7. 0-0 e5 8. d3 Be7 9. Nd2 Bd7 10. Nc4 f6 11. f4 b5 12. Ne3 Rc8 13. Ncd5 Nxd5 14. Nxd5 0-0 15. e4 Be6 16. Be3 exf4 17. Nxf4 Qd7 18. Rc1 Ne5 19. b3 Bg4 20. Qd2 Rfd8 21. Nd5 c4 22. dxc4 bxc4 23. Bd4 Qe6 24. Bxa7 Bc5+ 25. Bxc5 Rxc5 26. bxc4 Nxc4 27. Qd4 Rdc8 28. Rf4 Bh5 29. Bf1 Qe5 30. Rxc4 Rxc4 31. Nxf6+ gxf6 32. Bxc4+ Kh8 33. Qd5 Bg6 34. Bb3 Qc3 35. Qe6 Qe3+ 36. Kg2 Qe2+ 37. Kh3 Rf8 38. Qe7 Qh5+ 39. Rh4 Bf5+ 40. exf5 Qxf5+ 41. Kg2 Rc8 42. Rf4 1-0

[Event "Reykjavik op 21st"]
[Site "Reykjavik"]
[Date "2004.03.10"]
[Round "4"]
[White "Kristjansson, Stefan"]
[Black "Steindorsson, Sigurdur Pall"]
[Result "1-0"]
[WhiteElo "2404"]
[BlackElo "2218"]
[PlyCount "29"]
[EventDate "2004.03.07"]
[EventType "swiss"]
[EventRounds "9"]
[EventCountry "ISL"]
[SourceTitle "CBM 099 Extra"]
[Source "ChessBase"]
[SourceDate "2004.05.04"]
[SourceVersion "1"]
[SourceVersionDate "2004.05.04"]
[SourceQuality "1"]

1. e4 c5 2. Nf3 d6 3. d4 cxd4 4. Nxd4 Nf6 5. Nc3 Nc6 6. Bg5 e6 7. Qd2 a6 8. 0-0-0 Bd7 9. f3 b5 10. Bxb5 axb5 11. Ndxb5 Qb8 12. Nxd6+ Bxd6 13. Qxd6 Ne5 14. Qxb8+ Rxb8 15. Bf4 1-0

[Event "Reykjavik op 21st"]
[Site "Reykjavik"]
[Date "2004.03.08"]
[Round "2"]
[White "Erenburg, Sergey"]
[Black "Steindorsson, Sigurdur Pall"]
[Result "1/2-1/2"]
[WhiteElo "2523"]
[BlackElo "2218"]
[PlyCount "64"]
[EventDate "2004.03.07"]
[EventType "swiss"]
[EventRounds "9"]
[EventCountry "ISL"]
[SourceTitle "CBM 099 Extra"]
[Source "ChessBase"]
[SourceDate "2004.05.04"]
[SourceVersion "1"]
[SourceVersionDate "2004.05.04"]
[SourceQuality "1"]

1. e4 c5 2. Nf3 e6 3. d3 Nc6 4. g3 d6 5. Bg2 Nf6 6. 0-0 Be7 7. c3 0-0 8. Re1 Re8 9. d4 cxd4 10. cxd4 b5 11. d5 Ne5 12. dxe6 Bxe6 13. Nd4 Rc8 14. Nxe6 fxe6 15. Nc3 a6 16. Ne2 d5 17. exd5 exd5 18. Nd4 Bc5 19. Bf4 Ne4 20. Be3 Nc4 21. Bh3 Nxe3 22. fxe3 Bxd4 23. Qxd4 Rc2 24. Rad1 Qg5 25. Bg2 h6 26. Rf1 Nf6 27. Rd3 Qe5 28. Qxe5 Rxe5 29. Rf2 Rc1+ 30. Rf1 Rc2 31. Rf2 Rc1+ 32. Rf1 Rc2 1/2-1/2

[Event "Selfoss Milk Challengers 1st"]
[Site "Selfoss"]
[Date "2002.10.15"]
[Round "8"]
[White "Thorarinsson, Pall A"]
[Black "Steindorsson, Sigurdur Pall"]
[Result "1-0"]
[WhiteElo "2265"]
[BlackElo "2211"]
[PlyCount "59"]
[EventDate "2002.10.08"]
[EventType "tourn"]
[EventRounds "9"]
[EventCountry "ISL"]
[EventCategory "3"]
[SourceTitle "EXT 2005"]
[Source "ChessBase"]
[SourceDate "2004.11.15"]
[SourceVersion "1"]
[SourceVersionDate "2004.11.15"]
[SourceQuality "1"]

1. d4 Nf6 2. c4 e6 3. Nf3 b6 4. g3 Bb7 5. Bg2 Be7 6. 0-0 0-0 7. Nc3 Ne4 8. Bd2 f5 9. d5 Bf6 10. Rc1 Na6 11. a3 Nac5 12. b4 Bxc3 13. Bxc3 Nxc3 14. Rxc3 Ne4 15. Re3 Qf6 16. Nd2 exd5 17. cxd5 Bxd5 18. Nxe4 Bxe4 19. Bxe4 fxe4 20. Qxd7 Rad8 21. Qxc7 Rc8 22. Qb7 Rc1 23. Qd5+ Kh8 24. f4 exf3 25. Rxc1 f2+ 26. Kf1 Qh6 27. Rec3 g6 28. Qd4+ Kg8 29. h4 Qh5 30. Rc8 1-0

[Event "Selfoss Milk Challengers 1st"]
[Site "Selfoss"]
[Date "2002.10.11"]
[Round "4"]
[White "Steindorsson, Sigurdur Pall"]
[Black "Naes, Flovin Tor"]
[Result "1/2-1/2"]
[WhiteElo "2211"]
[BlackElo "2280"]
[PlyCount "71"]
[EventDate "2002.10.08"]
[EventType "tourn"]
[EventRounds "9"]
[EventCountry "ISL"]
[EventCategory "3"]
[SourceTitle "EXT 2005"]
[Source "ChessBase"]
[SourceDate "2004.11.15"]
[SourceVersion "1"]
[SourceVersionDate "2004.11.15"]
[SourceQuality "1"]

1. c4 e6 2. Nf3 Nf6 3. g3 d5 4. Bg2 c5 5. 0-0 Be7 6. cxd5 exd5 7. d4 0-0 8. Nc3 Nc6 9. Bg5 cxd4 10. Nxd4 h6 11. Bxf6 Bxf6 12. e3 Nxd4 13. exd4 Be6 14. Qb3 Bxd4 15. Nxd5 Qg5 16. Rad1 Bc5 17. Qb5 Rac8 18. b4 Rfd8 19. h4 Qh5 20. Ne7+ Kh7 21. Rxd8 Bxf2+ 22. Rxf2 Qxb5 23. Nxc8 Qxb4 24. Nd6 Qb1+ 25. Bf1 Qb6 26. Bd3+ f5 27. Nxb7 Qxb7 28. Rxf5 g6 29. Rff8 Qb6+ 30. Kg2 Qb2+ 31. Kf3 h5 32. Rfe8 Qe5 33. Kf2 Qb2+ 34. Ke3 Qb6+ 35. Kd2 Qa5+ 36. Ke3 1/2-1/2

[Event "Selfoss Milk Challengers 1st"]
[Site "Selfoss"]
[Date "2002.10.10"]
[Round "3"]
[White "Thorsteinsson, Thorsteinn"]
[Black "Steindorsson, Sigurdur Pall"]
[Result "0-1"]
[WhiteElo "2297"]
[BlackElo "2211"]
[PlyCount "116"]
[EventDate "2002.10.08"]
[EventType "tourn"]
[EventRounds "9"]
[EventCountry "ISL"]
[EventCategory "3"]
[SourceTitle "EXT 2005"]
[Source "ChessBase"]
[SourceDate "2004.11.15"]
[SourceVersion "1"]
[SourceVersionDate "2004.11.15"]
[SourceQuality "1"]

1. e4 c5 2. Nf3 d6 3. d4 cxd4 4. Qxd4 Nc6 5. Bb5 Bd7 6. Bxc6 Bxc6 7. Nc3 Nf6 8. Bg5 e6 9. 0-0-0 Be7 10. Qd3 0-0 11. Kb1 Rc8 12. h4 b5 13. Nd4 b4 14. Nxc6 Rxc6 15. Ne2 Qa5 16. f3 h6 17. Be3 Rfc8 18. g4 Nd7 19. f4 Bf6 20. e5 dxe5 21. Qxd7 exf4 22. Bd4 R6c7 23. Qd6 Rd8 24. Qxf4 e5 25. Qf5 Qa6 26. g5 Qxe2 27. gxf6 Rxd4 28. Rxd4 exd4 29. fxg7 Qe6 30. Qd3 Qc4 31. Qd2 Rc6 32. h5 Qd5 33. Qd1 Ra6 34. b3 Qa5 35. a4 bxa3 36. Qxd4 Rc6 37. Rd1 Qxh5 38. Qd8+ Kxg7 39. Qd4+ Kh7 40. Rf1 a2+ 41. Kb2 Rxc2+ 42. Ka1 Qg6 43. Rf6 Rc1+ 44. Kxa2 Qb1+ 45. Ka3 Qa1+ 46. Qxa1 Rxa1+ 47. Kb2 Kg7 48. Rc6 Re1 49. Rc7 a6 50. b4 Re6 51. Kb3 h5 52. Ka4 h4 53. Rc4 h3 54. Rg4+ Rg6 55. Rh4 Rh6 56. Rg4+ Kf6 57. Rf4+ Ke6 58. Ka5 h2 0-1

[Event "Jonsson Memorial op"]
[Site "Reykjavik"]
[Date "2001.10.29"]
[Round "6"]
[White "Thorfinnsson, Bragi"]
[Black "Steindorsson, Sigurdur Pall"]
[Result "1-0"]
[WhiteElo "2393"]
[BlackElo "2213"]
[PlyCount "53"]
[EventDate "2001.10.23"]
[EventType "swiss"]
[EventRounds "10"]
[EventCountry "ISL"]
[SourceTitle "EXT 2002"]
[Source "ChessBase"]
[SourceDate "2001.11.25"]
[SourceVersion "1"]
[SourceVersionDate "2001.11.25"]
[SourceQuality "1"]

1. d4 Nf6 2. c4 e6 3. g3 d5 4. Nf3 Be7 5. Bg2 0-0 6. 0-0 b6 7. Ne5 Bb7 8. Nc3 Na6 9. cxd5 exd5 10. b3 c5 11. Bb2 Ne4 12. e3 Re8 13. Qh5 g6 14. Qe2 Nb4 15. Nxe4 dxe4 16. dxc5 Bxc5 17. Rfd1 Qg5 18. Nxf7 Kxf7 19. Rd7+ Re7 20. Rxb7 Rxb7 21. Bxe4 Nd5 22. h4 Qd8 23. Rd1 Rd7 24. Qf3+ Ke6 25. Bxd5+ Rxd5 26. Qe4+ Kf7 27. Rxd5 1-0